Milly, Molly e tanti papà /

Uloženo v:
Podrobná bibliografie
Hlavní autor: Pittar, Gill (Autor)
Další autoři: Morrell, Cris
Médium: Kniha
Jazyk:italština
Vydáno: Torino : EDT, [2006]
Edice:Milly, Molly ; 18
Tagy: Přidat tag
Žádné tagy, Buďte první, kdo vytvoří štítek k tomuto záznamu!

MARC

LEADER 00000nam a22000007i 4500
001 IT\ICCU\LO1\1081797
003 ItRI
005 20260115231916.0
008 061006s2006 it |||||| ||||| |||||c
020 |a 8860400740 
020 |a 9788860400741 
040 |b ita  |c importazione bologna sebina 
041 7 |a ita  |2 ISO-639-2 
082 |a 823.914  |9 NARRATIVA INGLESE. 1945-  |2 19 
100 1 |a Pittar, Gill  |0 IT\ICCU\RMSV\588780  |4 aut 
240 1 0 |a Milly, Molly and different dads.  |3 IT\ICCU\LO1\1081798  |9 Pittar, Gill 
245 1 0 |a Milly, Molly e tanti papà /  |c [Gill Pittar ; illustazioni di Cris Morrell]. 
260 |a Torino :  |b EDT,  |c [2006] 
300 |a 26 p. :  |b ill. ;  |c 24 cm. 
700 1 |a Morrell, Cris  |0 IT\ICCU\RMSV\588781 
830 0 |a Milly, Molly ;  |v 18  |0 IT\ICCU\RAV\1379958 
942 |2 ddc  |c BK  |n 0 
952 |0 0  |1 0  |4 0  |6 R_741_642000000000000_PIT  |7 0  |9 16164  |a BO  |b BO  |d 2026-01-15  |i 13123  |l 0  |o R 741.642 PIT  |p BO13123  |r 2026-01-15 23:19:16  |w 2026-01-15  |x [Sebina 5] [1 v.]  |y BK  |z 1 v. 
999 |c 13889  |d 13889